000 00317 a2200109 4500
001 ART_11219
005 20260410161855.0
008 260409a
245 1 0 _aKeynes como economista político
100 1 _aRobbins, Lionel
773 0 _tRevista de Economía
_g- Nº 38/39 (sep./dic. 1983)
_wREV11077
999 _c25389
_d25389